Gaming Quiz

Random Gaming or Toys Quiz

Name the Toy Quiz Stats

 Plays Quiz Updated May 27, 2014

     
Support Sporcle.
Go Orange.
Score 0/24 Timer 06:00
8 Plays Today
Toy % Correct
LEGO
93.8%
Barbie
93.7%
Mr. Potato Head
91.1%
Slinky
90.2%
My Little Pony
89.7%
Transformers
88%
Care Bear
83.2%
Etch A Sketch
78.5%
Cabbage Patch Kids
76%
Rubik's Cube
75.7%
Simon
66.6%
Lincoln Logs
63.4%
Toy % Correct
Lite Brite
58.1%
Polly Pocket
57.5%
He-Man
55.1%
Rock 'Em Sock 'Em Robots
51.8%
Pogs
50%
Tamagotchi
42.7%
G.I. Joe
42.4%
Pound Puppies
35.7%
Rainbow Brite
33%
Speak & Spell
22.3%
My Buddy
18.6%
M.U.S.C.L.E
4%

From the Vault

Somewhere in the Middle (Holiday)

by pdigoe

Holiday 90s
We just hope you don't get stuck in a middle seat during your holiday travels.
Remove Ads.
Support Sporcle.
Get the best of Sporcle when you Go Orange. This ad-free experience offers more features, more stats, and more fun while also helping to support Sporcle. Thank you for becoming a member.

Show Comments

Extras

Top Quizzes Today


Score Distribution

Your Account Isn't Verified!

In order to create a playlist on Sporcle, you need to verify the email address you used during registration. Go to your Sporcle Settings to finish the process.

Report this User

Report this user for behavior that violates our Community Guidelines.

Details: